Bokföring - Kontonummer - Statistics

General Stats
  • This quiz has been taken 12 times
    2 since last reset
  • The average score is 5 of 31
Answer Stats
Hint Answer % Correct
Kundfordringar 1510
100%
Leverantörsskulder 2440
50%
Ingående moms 2640
50%
Redovisningskonto för moms 2650
50%
Försäljning 3000
50%
Varuinköp 4000
50%
Förbrukningsinventarier 5410
50%
Personbilskostnader 5610
50%
Maskiner 1211
0%
Inventarier och verktyg 1220
0%
Personbilar 1241
0%
Förutbetalda försäkringspremier 1730
0%
Övriga förutbetalda kostnader och upplupna intäkter 1790
0%
Företagskonto 1930
0%
Balanserad vinst eller förlust 2091
0%
Årets resultat 2099
0%
Skatteskulder 2510
0%
Utgående moms 2610
0%
Personalskatt 2710
0%
Lagstadgade sociala avgifter och särskild löneskatt 2730
0%
Övriga upplupna kostnader och förutbetalda intäkter 2990
0%
Lokalhyra 5010
0%
El för drift 5310
0%
Frakter, transporter och försäkringar vid varudistribution 5710
0%
Annonsering 5910
0%
Kontorsmaterial 6110
0%
Telekommunikation 6210
0%
Företagsförsäkringar 6310
0%
Löner 7000
0%
Arbetsgivaravgifter 7510
0%
Räntekostnader 8400
0%
No matching quizzes found
Score Distribution
Percent of People with Each Score
Percentile by Number Answered
Your Score History
You have not taken this quiz since the last reset